000
00253nam a2200109 a 4500
005
20201002040621.0
008
140218s2001 000 spa d
020
_a
1579544193
245
0
_a
Meals that Heal.
260
_a
[s.l.],
_c
2001.
999
_c
42561
_d
42561
040
_a
DO-SdBNP